Central Library OPAC University of Rajshahi

John Aubrey and his friends / (Record no. 76844)

MARC details
000 -LEADER
fixed length control field 00849nam a2200289 a 4500
001 - CONTROL NUMBER
control field 76844
003 - CONTROL NUMBER IDENTIFIER
rucl marc code BD-RjUL
005 - DATE AND TIME OF LATEST TRANSACTION
control field 20211209082909.0
008 - FIXED-LENGTH DATA ELEMENTS--GENERAL INFORMATION
fixed length control field 200126s1963 enkacj b 000 0 eng
035 ## - SYSTEM CONTROL NUMBER
System control number (BD-RjUL)77068
System control number (OCoLC)1558820
040 ## - CATALOGING SOURCE
Original cataloging agency DLC
Transcribing agency MBNU
Modifying agency OCoLC
-- Uk
-- DLC
-- BD-RjUL
Language of cataloging eng
041 ## - LANGUAGE CODE
Language code of text/sound track or separate title eng
042 ## - AUTHENTICATION CODE
Authentication code premarc
082 ## - DEWEY DECIMAL CLASSIFICATION NUMBER
Edition number 23
Classification number 928.2
Author mark and year POJ 1963
100 1# - MAIN ENTRY--PERSONAL NAME
Personal name Powell, Anthony
Dates associated with a name 1905-2000.
9 (RLIN) 238387
245 10 - TITLE STATEMENT
Title John Aubrey and his friends /
Statement of responsibility, etc. Anthony Powell
250 ## - EDITION STATEMENT
Edition statement New and rev. ed.
260 ## - PUBLICATION, DISTRIBUTION, ETC. (IMPRINT)
Place of publication, distribution, etc. London :
Name of publisher, distributor, etc. Heinemann,
Date of publication, distribution, etc. c1963
300 ## - PHYSICAL DESCRIPTION
Pagination 342 p.;
Illustrations illus.,
Size 23 cm.
504 ## - BIBLIOGRAPHY, ETC. NOTE
Bibliography, etc Bibliography: p. 311-314. "Bibliographical notes": p. 315-329.
600 10 - SUBJECT ADDED ENTRY--PERSONAL NAME
Personal name Aubrey, John,
Dates associated with a name 1626-1697.
942 ## - ADDED ENTRY ELEMENTS (KOHA)
Source of classification or shelving scheme Dewey Decimal Classification
Koha item type Books
Holdings
Lost status Source of classification or shelving scheme Damaged status Not for loan Collection code Permanent Location Current Location Shelving location Date acquired Source of acquisition Cost, normal purchase price Total Checkouts Full call number Date last seen Copy number Koha item type
  Dewey Decimal Classification   Not For Loan Non-fiction Central Library, University of Rajshahi Central Library, University of Rajshahi Reading Room 22/09/1965 Zeitlinger 42.00   928.2 POJ 1963 26/01/2020 C-1 Books